00230nam a2200097Ia 4500008004100000100002200041245002200063250001000085260002900095300000800124190216s9999||||xx |||||||||||||| ||und|| aLeonard E.Dickson 0aAlgebric Theories aFIRST bDover Publicationsc1959 a276